000 01614nam0a2200361 i 4500
001 RU\NLR\BIBL_A\011099170
005 20240922015101.0
010 _a9785906813725
_9500
021 _aRU
_b2016-23663
_91499
035 _a(NILC)RuMoRGB-008257144
035 _a(NLR Aleph) 011099170
090 _a11410410
_c11410410
100 _a20160408d2015 um y0rusy50 ca
101 0 _arus
102 _aRU
105 _aa|||z|||001zy
200 1 _aВредители плодовых культур
_fБалыкина Е. Б., Трикоз Н. Н., Ягодинская Л. П.
210 _aСимферополь
_cАриал
_d2015
215 _a267 с.
_cцв. ил.
_d21
300 _aНа 4-й с. обл. авт.: Балыкина Е. Б., д-р с.-х. наук, Трикоз Н. Н., канд. биол. наук, Ягодинская Л. П., канд. с.-х. наук
320 _aБиблиогр.: с. 250-260 (75 назв.)
320 _aУказ. назв. вредителей: рус., лат.: с. 261-267
606 1 _aНасекомые-вредители плодовых культур
_xБорьба с ними
_yКрым, Республика
_92279376
_3RU\NLR\AUTH\6601594091
675 _a632
686 1 _aП491.568(2Р37-6Крм)
700 1 _aБалыкина
_bЕ. Б.
_gЕлена Борисовна
701 1 _aТрикоз
_bН. Н.
_gНаталья Николаевна
701 1 _aЯгодинская
_bЛ. П.
_gЛариса Павловна
801 0 _aRU
_bРГБ
_c20160325
_gRCR
942 _cBOOK
980 _aNBR